MARC details
| 000 -CABECERA |
| campo de control de longitud fija |
02128nam a22002177a 4500 |
| 008 - DATOS DE LONGITUD FIJA--INFORMACIÓN GENERAL |
| campo de control de longitud fija |
251003b |||||||| |||| 00| 0 eng d |
| 020 ## - NÚMERO INTERNACIONAL ESTÁNDAR DEL LIBRO |
| Número Internacional Estándar del Libro |
9780593797495 |
| 040 ## - FUENTE DE LA CATALOGACIÓN |
| Centro/agencia transcriptor |
tbs |
| 041 ## - CÓDIGO DE LENGUA |
| Código de lengua del texto/banda sonora o título independiente |
eng |
| 050 ## - SIGNATURA TOPOGRÁFICA DE LA BIBLIOTECA DEL CONGRESO |
| Número de clasificación |
P53.4115 |
| Número de documento/Ítem |
.W96 2024 |
| 100 ## - ENTRADA PRINCIPAL--NOMBRE DE PERSONA |
| Nombre de persona |
Wyner, Gabriel |
| 9 (RLIN) |
25992 |
| Término indicativo de función/relación |
author |
| 245 ## - MENCIÓN DE TÍTULO |
| Título |
Fluent forever |
| Mención de responsabilidad, etc. |
/ Gabriel Wyner. |
| 260 ## - PUBLICACIÓN, DISTRIBUCIÓN, ETC. |
| Lugar de publicación, distribución, etc. |
New York, NY : |
| Nombre del editor, distribuidor, etc. |
Harmony, |
| Fecha de publicación, distribución, etc. |
2024. |
| 300 ## - DESCRIPCIÓN FÍSICA |
| Extensión |
xvi, 394 pages : |
| Otras características físicas |
illustrations, tables (black and white) ; |
| Dimensiones |
24 cm. |
| 520 ## - SUMARIO, ETC. |
| Sumario, etc. |
Gabriel Wyner speaks seven languages fluently. He didn't learn them in school-who does? Rather, he mastered each one on his own, drawing on free online resources, quick daily practice sessions, and his knowledge of neuroscience and linguistics. In Fluent Forever, Gabe shares his foolproof method for learning any language. It starts by hacking the way your brain naturally encodes information. You'll begin by learning how to hear new sounds and training your tongue to produce them accurately. You'll connect spellings and sounds to images rather than rely on translation exercises so that you start thinking in a new language. With the help of spaced-repetition systems, you'll build a foundation for your language in one week and learn hundreds of words a month-with just a few minutes of practice each day. This revised edition also shares fresh strategies that Gabe has refined over years of study. You'll learn how to: Use your interests to curate vocabulary that you'll actually be excited to study; Pick up the subtleties of your target language by conversing with native speakers; Fast-track fluency with a new appendix devoted to conversation strategies with native speakers; Compile the best language-learning tool kit for your budget; Harness the science of motivation and habit building to turbocharge your progress; Find the perfect level of difficultly with reading and listening comprehension to stay engaged and avoid frustration. |
| 650 #0 - PUNTO DE ACCESO ADICIONAL DE MATERIA--TÉRMINO DE MATERIA |
| Término de materia o nombre geográfico como elemento de entrada |
Fluency (Language learning) |
| 9 (RLIN) |
25993 |
| 650 #0 - PUNTO DE ACCESO ADICIONAL DE MATERIA--TÉRMINO DE MATERIA |
| Término de materia o nombre geográfico como elemento de entrada |
Communicative competence |
| 9 (RLIN) |
25994 |
| 650 #0 - PUNTO DE ACCESO ADICIONAL DE MATERIA--TÉRMINO DE MATERIA |
| Término de materia o nombre geográfico como elemento de entrada |
Language and languages |
| Subdivisión general |
Study and teaching |
| 9 (RLIN) |
25211 |
| 650 #0 - PUNTO DE ACCESO ADICIONAL DE MATERIA--TÉRMINO DE MATERIA |
| Término de materia o nombre geográfico como elemento de entrada |
Multilingualism |
| 9 (RLIN) |
25995 |
| 942 ## - ELEMENTOS DE ENTRADA AGREGADA (KOHA) |
| Fuente del sistema de clasificación o colocación |
Clasificación de Library of Congress |